| 000 | 00901njm a2200217 i 4500 | ||
|---|---|---|---|
| 001 | C2-0336052 | ||
| 003 | PPAK | ||
| 005 | 20180729135314.0 | ||
| 008 | 160426s2014 ohua|||| ||||| | eng d | ||
| 020 | _a9781478900917 | ||
| 040 |
_aPPAK _beng _cPPAK _erda |
||
| 245 | 1 | 0 |
_aFor the benefit of those who see: _bdispatches from the world of the blind |
| 264 | 1 |
_aSolon, Ohio : _bFindaway World, LLC , _c2014 |
|
| 336 |
_2rdacontent _atext |
||
| 337 |
_2rdamedia _aunmediated |
||
| 338 |
_2rdacarrier _avolume |
||
| 500 | _aIssued on Playaway, a dedicated audio media player. ; One set of earphones and one AAA battery required for listening. ; Summary : In the tradition of Oliver Sacks, Rosemary Mahoney blends science, history, and firsthand reporting to invest | ||
| 650 | 1 | 0 | _aTeachers of the blind. ; Blind, Workers for the. ; Blind - Education - India. |
| 700 | _eauthor | ||
| 942 |
_ddc _cB |
||
| 999 |
_c164021 _d164021 |
||